000
00323nam a22001337a 4500
020
_a
8172140177
082
_a
294.3 PRA
100
_a
Prakash, Surendra
245
_a
The Buddhist Sutra of Lotus Flower: Its essence and interpretation
260
_a
Delhi
_b
ISPCK
_c
1991
300
_a
83
650
_a
Buddhism
942
_c
BK
999
_c
23247
_d
23247